000 01113nam0a22003131 4500
001 rc\4865653
005 20130426144920.5
021 _aRU
_b[59-3180]
035 _a(NLR Aleph) 008907358
090 _a8741477
_c8741477
100 _a20130426d1958 |||y0rusy50 ca
101 1 _arus
_ceng
102 _aRU
105 _aab z |||||
200 1 _aИстории Юго-Восточной Азии
_fПеревод с англ. Я.М. Света [и др.]
_gПредисл. А.А. Губера
210 _aМосква
_cИзд-во иностр. лит.
_d1958
215 _a597 с., 2 л. карт.
_cил., карт.
_d27
300 _aДоп. тит. л. D.G.E. Hall. A history of South-East Asia
320 _aБиблиогр.: с. 566-580
513 0 _aA history of South-East Asia
607 _aСтраны Юго-Восточной Азии
_xИстория
_2psbo
700 1 _aХолл
_bД. Дж. Е.
702 1 _aСвет
_bЯ. М.
_4730
702 1 _aГубер
_bА. А.
_4080
801 0 _aRU
_bNLR
_gpsbo
801 1 _aRU
_bELAR
_2rusmarc
852 _aNLR
_j59-7/285
942 _cBOOK
980 _aNB